000 00402nam a22001457a 4500
005 20251223104027.0
008 251223b |||||||| |||| 00| 0 eng d
020 _a978-1-906381-03-5
050 _aRA 785 .P45 2008 C.7
100 _aPELT NANCY VAN
245 _aSACRETS OF SANITY FOR STRESSED WOMAN
260 _aTHAILAND
_bAUTUMN HOUSE LIMITED
_c2008
650 _aSTRESSED WOMAN
942 _2lcc
_cBK
999 _c216384
_d216384